Flagi miast województwa warmińsko-mazurskiego - Statystyki

Ogólne statystyki
  • Ten quiz został rozwiązany 66 razy
  • Średni wynik to 14 z 20
Statystyki odpowiedzi
Obrazkowy Odpowiedź % Poprawnych
Elbląg
94%
Olsztyn
91%
Giżycko
87%
Kętrzyn
87%
Mrągowo
85%
Ełk
83%
Bartoszyce
77%
Iława
77%
Lidzbark
77%
Ostróda
75%
Szczytno
72%
Mikołajki
60%
Działdowo
57%
Morąg
57%
Olecko
55%
Biskupiec
49%
Frombork
49%
Orneta
45%
Orzysz
40%
Zalewo
34%
Nie znaleziono quizów pasujących do podanych kryteriów
Rozkład punktacji
Procent ludzi z każdym wynikiem
Percentyl według liczby udzielonych odpowiedzi
Twoja historia wyników
Nie rozwiązałeś tego quizu